El Mercado interbancario en Costa Rica /

שמור ב:
מידע ביבליוגרפי
מחבר ראשי: Sánchez Wong, Betty
פורמט: Texto
תגים: הוספת תג
אין תגיות, היה/י הראשונ/ה לתייג את הרשומה!

MARC

LEADER 00000 a a2200000 04500
001 2992
003
040
100 |a Sánchez Wong, Betty  
245 |a El Mercado interbancario en Costa Rica /  |c Betty Sánchez Wong 
773 |g volumen 17, número 2; páginas 61-101  
999 |c 26336  |d 26336